[Event "2nd Paytakht Cup"]
[Site "Tehran IRI"]
[Date "2017.10.30"]
[EventDate "2017.10.24"]
[Round "8.6"]
[Result "1-0"]
[White "Aryan Gholami"]
[Black "Alireza Firouzja"]
[WhiteElo "2482"]
[BlackElo "2525"]
[PlyCount "139"]

1. d4 Nf6 2. Nf3 g6 3. Bg5 Bg7 4. Nbd2 d6 5. e4 h6 6. Bh4 Nh5
7. c3 O-O 8. Bc4 c5 9. dxc5 dxc5 10. O-O Nc6 11. Qe2 Qc7
12. Qe3 b6 13. Rfe1 g5 14. Bxg5 hxg5 15. Qxg5 Nf6 16. e5 Nh7
17. Qh5 e6 18. Re4 Rd8 19. Rg4 Nxe5 20. Nxe5 Rxd2 21. Re1 Rd6
22. Rg3 Qe7 23. Re4 f6 24. Rh4 fxe5 25. Qxh7+ Kf8 26. Rhg4
Rd1+ 27. Bf1 Ba6 28. c4 Rd7 29. Rf3+ Ke8 30. Qh8+ Bf8 31. Rg8
Rdd8 32. Rgxf8+ Kd7 33. Rd3+ Kc7 34. Qxe5+ Kb7 35. Qe4+ Kc7
36. Qe5+ Kb7 37. Rdxd8 Rxd8 38. Rxd8 Qxd8 39. Qxe6 Qh8 40. b3
Ka8 41. Qd5+ Bb7 42. Qd2 a5 43. f3 Bc6 44. Be2 a4 45. bxa4
Bxa4 46. g3 Bc6 47. h4 Kb7 48. Kf2 Qa1 49. Kg2 Qe5 50. Qc2 Qe3
51. Qd3 Qe5 52. a3 Ka6 53. Qd2 b5 54. h5 b4 55. axb4 cxb4
56. c5+ Ka7 57. Qa2+ Kb8 58. h6 Bd5 59. Qd2 b3 60. h7 b2
61. Qxd5 Qxe2+ 62. Kh3 Qf1+ 63. Kg4 Qh1 64. Qd8+ Kb7 65. h8=Q
Qxh8 66. Qxh8 b1=Q 67. Qg7+ Ka8 68. Qf8+ Kb7 69. Qe7+ Kb8
70. Qd8+ 1-0

[Event "2nd Paytakht Cup"]
[Site "Tehran IRI"]
[Date "2017.10.31"]
[EventDate "2017.10.24"]
[Round "9.10"]
[Result "1-0"]
[White "Alireza Firouzja"]
[Black "Shakil Abu Sufian"]
[WhiteElo "2525"]
[BlackElo "2322"]
[PlyCount "95"]

1. e4 c6 2. d4 d5 3. e5 c5 4. dxc5 Nc6 5. a3 Nxe5 6. b4 Nf6
7. Bb2 Nc6 8. Nf3 Bg4 9. Nbd2 e6 10. h3 Bxf3 11. Nxf3 Be7
12. Bd3 O-O 13. O-O a5 14. Qe1 axb4 15. axb4 Rxa1 16. Bxa1 Nd7
17. c4 Bf6 18. cxd5 exd5 19. Qd2 Bxa1 20. Rxa1 Qf6 21. Rd1 Rd8
22. Be2 Nf8 23. b5 Ne5 24. Qe3 Nxf3+ 25. Bxf3 d4 26. Qe4 Ne6
27. Qxb7 Nxc5 28. Qa7 Qe5 29. b6 g6 30. b7 d3 31. g3 Qd6
32. Rc1 Nd7 33. Rc6 Qf8 34. Qd4 Nb8 35. Qxd8 Qxd8 36. Rc8 Qf8
37. Kf1 Kg7 38. Rxf8 Kxf8 39. Ke1 Ke7 40. Kd2 Kd6 41. Kxd3 Kc5
42. h4 f6 43. g4 Nd7 44. Be4 Ne5+ 45. Ke3 Nd7 46. h5 gxh5
47. gxh5 h6 48. Kf4 1-0

[Event "ch-IRI SF"]
[Site "Hamedan IRI"]
[Date "2017.11.02"]
[EventDate "2017.11.02"]
[Round "1.3"]
[Result "1-0"]
[White "Alireza Firouzja"]
[Black "Amir Ali Ghafourian"]
[WhiteElo "2521"]
[BlackElo "2181"]
[PlyCount "83"]

1. e4 d6 2. d4 Nf6 3. Nc3 g6 4. Bg5 Bg7 5. Qd2 O-O 6. h4 c5
7. d5 e6 8. O-O-O Qa5 9. Kb1 Qb6 10. b3 Na6 11. f3 Qa5
12. Bxa6 Qxa6 13. Nge2 b5 14. dxe6 Bxe6 15. Qxd6 Qa5 16. Qxc5
Nd7 17. Qxb5 Bxc3 18. Nxc3 Qxc3 19. Rxd7 Bxd7 20. Qxd7 a5
21. Qd2 Qe5 22. Qf4 Qxf4 23. Bxf4 Rfd8 24. c4 a4 25. c5 axb3
26. axb3 Ra3 27. Kb2 Rda8 28. c6 Ra2+ 29. Kc3 Rxg2 30. c7 Kf8
31. Rd1 Ke7 32. Be5 Rf2 33. f4 f6 34. Rd8 Rfa2 35. Bd6+ Ke6
36. f5+ gxf5 37. exf5+ Kxf5 38. c8=Q+ Rxc8+ 39. Rxc8 Kg4
40. b4 f5 41. b5 Ra1 42. Rc4+ 1-0

[Event "ch-IRI SF"]
[Site "Hamedan IRI"]
[Date "2017.11.03"]
[EventDate "2017.11.02"]
[Round "2.3"]
[Result "0-1"]
[White "Meysam Khatibi"]
[Black "Alireza Firouzja"]
[WhiteElo "2250"]
[BlackElo "2521"]
[PlyCount "130"]

1. e4 g6 2. d4 Bg7 3. Nc3 d6 4. Nge2 h5 5. Bg5 h4 6. Qd2 c6
7. a4 Qa5 8. b4 Qxb4 9. a5 Qc4 10. d5 cxd5 11. Ra4 Qc7
12. Nxd5 Qd8 13. Rc4 Nc6 14. a6 Nf6 15. Qc3 O-O 16. Bxf6 exf6
17. axb7 Bxb7 18. Rxc6 f5 19. Qc4 Bxc6 20. Qxc6 Qa5+ 21. Nec3
Kh8 22. Ba6 Qa1+ 23. Nd1 h3 24. O-O hxg2 25. Re1 fxe4 26. c3
Rae8 27. Bb5 Re5 28. Kxg2 Rg5+ 29. Kf1 Be5 30. N1e3 Rg1+
31. Kxg1 Qxe1+ 32. Bf1 Bxh2+ 33. Kg2 Be5 34. Ng4 Qd2 35. Nde3
Qxc3 36. Qd7 Bf4 37. Qe7 Kg7 38. Qxe4 Bxe3 39. Nxe3 Qe5
40. Qg4 f5 41. Qa4 Qe4+ 42. Qxe4 fxe4 43. Ba6 Kf6 44. Bb7 Ke5
45. Nc4+ Ke6 46. Ne3 Rf4 47. Kg3 g5 48. Nd5 Rf7 49. Bc6 Ke5
50. Kg2 Rf8 51. Ne7 Kd4 52. Ng6 Rc8 53. Ba4 Rc4 54. Bb5 Rb4
55. Be8 Rb2 56. Kg3 a5 57. Ne7 Kc5 58. Nf5 d5 59. Ng7 Kd6
60. Nf5+ Kc5 61. Ng7 Ra2 62. Ne6+ Kd6 63. Nxg5 a4 64. Bf7 Rb2
65. Kf4 a3 0-1

[Event "ch-IRI SF"]
[Site "Hamedan IRI"]
[Date "2017.11.03"]
[EventDate "2017.11.02"]
[Round "3.2"]
[Result "1/2-1/2"]
[White "Alireza Firouzja"]
[Black "Nima Javanbakht"]
[WhiteElo "2521"]
[BlackElo "2427"]
[PlyCount "173"]

1. b3 c5 2. Bb2 Nc6 3. e3 Nf6 4. f4 g6 5. Nc3 d5 6. Bb5 Qd6
7. Na4 b6 8. Nf3 Bg7 9. Be5 Qd7 10. d4 cxd4 11. Nxd4 Bb7
12. c4 O-O 13. Rc1 Rac8 14. Nc3 dxc4 15. bxc4 Qg4 16. Qxg4
Nxg4 17. Bxg7 Kxg7 18. Bxc6 Bxc6 19. Ke2 Bb7 20. Nd5 e6
21. Nb4 e5 22. fxe5 Nxe5 23. Nd3 Nxc4 24. Kf2 Rfe8 25. Rhe1
Re4 26. h3 Ne5 27. Nxe5 Rxe5 28. Rxc8 Bxc8 29. Rb1 Ra5 30. Rb2
Bb7 31. Nb5 Bd5 32. Nc3 Be6 33. a4 Bd7 34. Rb4 Rc5 35. Rb3 Rc4
36. Ra3 Bc6 37. g3 h5 38. h4 Kf6 39. Ke1 Ke6 40. Kd2 f6 41. a5
b5 42. Ne2 a6 43. Rd3 Be4 44. Rd8 Rc2+ 45. Kd1 Rc7 46. Re8+
Re7 47. Nd4+ Kd6 48. Rf8 Ke5 49. Rb8 Rb7 50. Re8+ Kd5 51. Re6
b4 52. Kc1 Rc7+ 53. Kd2 Rb7 54. Kc1 Rc7+ 55. Kd2 Rc2+ 56. Nxc2
Kxe6 57. Nxb4 Bb7 58. Kd3 Kf5 59. Ke2 g5 60. hxg5 fxg5 61. Nc2
Kg4 62. Kf2 h4 63. gxh4 gxh4 64. Nd4 Be4 65. Ne2 h3 66. Kg1
Bf3 67. Nf4 Kg3 68. Nxh3 Kxh3 69. Kf2 Be4 70. Ke1 Kg4 71. Kd2
Kf5 72. Kc3 Ke5 73. Kb2 Kd5 74. Ka1 Kc4 75. Kb2 Kb4 76. Ka1
Kxa5 77. Kb2 Kb4 78. Ka1 a5 79. Kb2 Kc4 80. Ka3 Kb5 81. Kb2
Kb4 82. Ka1 Kc3 83. Ka2 Bd5+ 84. Ka1 a4 85. e4 Bxe4 86. Ka2 a3
87. Kxa3 1/2-1/2

[Event "ch-IRI SF"]
[Site "Hamedan IRI"]
[Date "2017.11.04"]
[EventDate "2017.11.02"]
[Round "4.3"]
[Result "0-1"]
[White "S Jafar Khamisi"]
[Black "Alireza Firouzja"]
[WhiteElo "2214"]
[BlackElo "2521"]
[PlyCount "44"]

1. e4 c5 2. Nf3 Nc6 3. d4 cxd4 4. Nxd4 Nf6 5. Nc3 d6 6. f3 e5
7. Nb3 Be7 8. Be3 O-O 9. Qd2 Be6 10. Nd5 Bxd5 11. exd5 Nb8
12. Be2 Nbd7 13. c4 a5 14. Rc1 b6 15. O-O Nc5 16. Na1 Nh5
17. Rfe1 f5 18. Bf1 f4 19. Bf2 Bh4 20. Nc2 Bg3 21. Na3 Qh4
22. h3 e4 0-1

[Event "ch-IRI SF"]
[Site "Hamedan IRI"]
[Date "2017.11.05"]
[EventDate "2017.11.02"]
[Round "5.2"]
[Result "1/2-1/2"]
[White "Alireza Firouzja"]
[Black "Pouria Darini"]
[WhiteElo "2521"]
[BlackElo "2484"]
[PlyCount "47"]

1. d4 Nf6 2. Nf3 g6 3. c4 Bg7 4. g3 O-O 5. Bg2 d6 6. Nc3 Nc6
7. O-O Bf5 8. d5 Na5 9. Nh4 Bd7 10. Qd3 c5 11. b3 a6 12. Rb1
Rb8 13. a4 b5 14. cxb5 axb5 15. b4 cxb4 16. Nxb5 b3 17. Bd2
Bxb5 18. axb5 Nd7 19. Bxa5 Qxa5 20. Qxb3 Rb7 21. Qb4 Qxb4
22. Rxb4 Rfb8 23. Rfb1 Nc5 24. b6 1/2-1/2

[Event "ch-IRI SF"]
[Site "Hamedan IRI"]
[Date "2017.11.05"]
[EventDate "2017.11.02"]
[Round "6.2"]
[Result "0-1"]
[White "Seyed Khalil Mousavi"]
[Black "Alireza Firouzja"]
[WhiteElo "2456"]
[BlackElo "2521"]
[PlyCount "138"]

1. e4 c5 2. Nf3 Nc6 3. d4 cxd4 4. Nxd4 e6 5. Nc3 Qc7 6. Be3 a6
7. a3 Nf6 8. Be2 Be7 9. g4 h6 10. f4 d6 11. h4 Nxd4 12. Qxd4
e5 13. Qd1 exf4 14. Bxf4 Qb6 15. Kf1 Bd7 16. Rb1 Bc6 17. Bf3
Nd7 18. Bxd6 Rd8 19. Bxe7 Kxe7 20. Nd5+ Bxd5 21. exd5 Rhe8
22. Kg2 Kf8 23. Qd2 Ne5 24. Qb4+ Qxb4 25. axb4 Nxf3 26. Kxf3
Rxd5 27. Rbd1 Rde5 28. Rd3 Re2 29. Rc3 R2e4 30. b5 axb5
31. Rd1 b4 32. Rc7 g5 33. hxg5 hxg5 34. Rdd7 Rf4+ 35. Kg3 Re3+
36. Kg2 b5 37. b3 Kg7 38. Rd5 Rxg4+ 39. Kf2 Ree4 40. Rxb5
Ref4+ 41. Ke3 Kg6 42. Rc8 Rg3+ 43. Ke2 f6 44. Rc4 Rg2+ 45. Kd3
Rff2 46. Rbxb4 Rd2+ 47. Ke3 Rxc2 48. Rb8 Rb2 49. b4 Rg3+
50. Kd4 Rg4+ 51. Kc5 Rxc4+ 52. Kxc4 Kf5 53. b5 g4 54. Kc3 Rb1
55. Kc2 Re1 56. b6 Re6 57. b7 Re7 58. Kd1 Kf4 59. Rf8 Rxb7
60. Rxf6+ Kg3 61. Ke2 Rb2+ 62. Kf1 Rb1+ 63. Ke2 Kg2 64. Rf2+
Kg1 65. Rf4 g3 66. Rf7 g2 67. Rf8 Rb5 68. Rg8 Rb7 69. Rf8 Rh7
0-1

[Event "ch-IRI SF"]
[Site "Hamedan IRI"]
[Date "2017.11.06"]
[EventDate "2017.11.02"]
[Round "7.1"]
[Result "1/2-1/2"]
[White "M Amin Tabatabaei"]
[Black "Alireza Firouzja"]
[WhiteElo "2563"]
[BlackElo "2521"]
[PlyCount "53"]

1. c4 e6 2. d4 d5 3. Nc3 Be7 4. Nf3 Nf6 5. Bf4 O-O 6. e3 Nbd7
7. c5 Nh5 8. Bd3 Nxf4 9. exf4 b6 10. b4 a5 11. a3 c6 12. O-O
Qc7 13. g3 Bf6 14. Ne5 Bxe5 15. fxe5 Ba6 16. f4 Qb7 17. Bxa6
Rxa6 18. Qd3 Ra7 19. Rfb1 axb4 20. axb4 Rxa1 21. Rxa1 Ra8
22. Qb1 f5 23. exf6 gxf6 24. Rxa8+ Qxa8 25. Qa2 Qxa2 26. Nxa2
bxc5 27. bxc5 1/2-1/2

[Event "ch-IRI SF"]
[Site "Hamedan IRI"]
[Date "2017.11.07"]
[EventDate "2017.11.02"]
[Round "8.2"]
[Result "1-0"]
[White "Alireza Firouzja"]
[Black "Shahin Lorparizangeneh"]
[WhiteElo "2521"]
[BlackElo "2485"]
[PlyCount "63"]

1. e4 c5 2. Nf3 Nc6 3. Bb5 g6 4. Bxc6 bxc6 5. d4 cxd4 6. Qxd4
f6 7. O-O Bg7 8. c4 Nh6 9. Bxh6 Bxh6 10. Rd1 O-O 11. c5 Rb8
12. b3 Kh8 13. Na3 Qa5 14. Nc4 Qb4 15. Ne1 Qb7 16. Rd3 Qc7
17. Rad1 Bg7 18. Qe3 Rd8 19. Qd2 Rb5 20. b4 Rb8 21. Na5 Bf8
22. a3 Kg7 23. Nf3 d6 24. Nd4 Re8 25. Ndxc6 Ra8 26. Rc1 dxc5
27. Rxc5 e5 28. Rc1 Qb6 29. Nc4 Qa6 30. N6a5 Re6 31. a4 Re8
32. Nd6 1-0

[Event "ch-IRI SF"]
[Site "Hamedan IRI"]
[Date "2017.11.08"]
[EventDate "2017.11.02"]
[Round "9.1"]
[Result "0-1"]
[White "Masoud Mosadeghpour"]
[Black "Alireza Firouzja"]
[WhiteElo "2510"]
[BlackElo "2521"]
[PlyCount "84"]

1. e4 c5 2. Nf3 e6 3. d4 cxd4 4. Nxd4 Nc6 5. Nb5 d6 6. c4 Nf6
7. N1c3 a6 8. Nd4 Qa5 9. Nb3 Qc7 10. Be3 b6 11. Rc1 Ne5 12. f4
Ned7 13. Bd3 Bb7 14. O-O Be7 15. Bb1 Rc8 16. h3 Qb8 17. Nd2
O-O 18. g4 g6 19. Ne2 Nc5 20. Ng3 b5 21. g5 Nfd7 22. b4 Na4
23. Qg4 bxc4 24. Nf3 d5 25. e5 Bxb4 26. Nh5 d4 27. Nxd4 Ba8
28. Kh2 Kh8 29. Nf6 Nxf6 30. gxf6 Rg8 31. Qh4 Nc3 32. Rg1 Nxb1
33. Rxb1 Be4 34. Rbd1 g5 35. fxg5 Qxe5+ 36. Bf4 Qa5 37. a3
Qxa3 38. g6 Rxg6 39. Rxg6 Bxg6 40. Nxe6 Qb2+ 41. Kg1 fxe6
42. f7 Bc5+ 0-1

[Event "26th Fajr Open 2018"]
[Site "Amol IRI"]
[Date "2018.02.05"]
[EventDate "?"]
[Round "4.2"]
[Result "1-0"]
[White "M Amin Tabatabaei"]
[Black "Alireza Firouzja"]
[WhiteElo "2577"]
[BlackElo "2549"]
[PlyCount "352"]

1. d4 Nf6 2. Nf3 d6 3. Nc3 Bf5 4. Bg5 Nbd7 5. Nh4 Be4 6. Bxf6 Nxf6 7. Nxe4 Nxe4 8. Qd3 Nf6 9. Qb5+ Nd7 10. Qxb7 Rb8 11. Qxa7 Rxb2 12. g3 e6 13. Bg2 d5 14. O-O Be7 15. Nf3 Rxc2 16. Ne5 Nxe5 17. Qa4+ Rc6 18. dxe5 Qd7 19. e4 d4 20. Rfd1 Rc3 21. Qxd7+ Kxd7 22. Rxd4+ Kc6 23. a4 Rc2 24. Rd3 Bc5 25. Rf3 Rf8 26. a5 Kd7 27. a6 Ke7 28. Bf1 Rb8 29. Bd3 Rd2 30. Rc1 Bb6 31. Rc2 Rd1+ 32. Kg2 Ra1 33. Be2 Ra5 34. Rb3 Rxe5 35. Ra2 g5 36. Rb4 Ra8 37. Rb5 f6 38. Rxe5 fxe5 39. Rd2 Bd4 40. Rc2 Kd6 41. Bb5 Bc5 42. Rd2+ Bd4 43. Rc2 Bc5 44. Bc4 Bd4 45. Ra2 Rf8 46. Kf1 Ke7 47. Kg2 Kd6 48. Rc2 Ra8 49. Kh3 h5 50. Bb5 Bc5 51. Be2 Rh8 52. Kg2 h4 53. Bc4 Bd4 54. Ra2 Ba7 55. Rd2+ Bd4 56. Ra2 Ba7 57. Rb2 Bb6 58. Rc2 Bd4 59. Re2 Ba7 60. Rd2+ Bd4 61. Kf3 Ke7 62. Kg4 Rg8 63. Rc2 Kd6 64. Bb5 Bc5 65. Bc4 Bd4 66. Ra2 Ba7 67. Kh5 Ke7 68. Rc2 Kd6 69. Kh6 hxg3 70. hxg3 g4 71. Kh5 Bd4 72. Rd2 Ke7 73. Ra2 Ba7 74. Kh4 Kf6 75. Rc2 Rg7 76. Bb3 Bd4 77. Ba2 Ba7 78. Bc4 Bb6 79. Ra2 Ba7 80. Bb3 Rg8 81. Bd1 c5 82. Be2 Rc8 83. Rc2 Rg8 84. Bc4 Bb6 85. Be2 c4 86. Bxc4 Bd8 87. Rd2 Be7 88. f4 gxf3 89. Rf2 Kf7+ 90. Kh3 Bc5 91. Rxf3+ Ke7 92. g4 Bd4 93. Ra3 Kf6 94. Kg3 Rc8 95. Bb5 Rc7 96. Be2 Kg5 97. Bf3 Ra7 98. Ra2 Be3 99. Be2 Rc7 100. Ra3 Bd4 101. Bb5 Kf6 102. Bf1 Kg5 103. Be2 Rc2 104. Bd1 Rc1 105. Bf3 Rc7 106. Rb3 Rc6 107. Be2 Rc2 108. Bd3 Rc7 109. Be2 Rc2 110. Kf3 Rc7 111. Bd1 Ra7 112. Ra3 Rc7 113. Kg3 Ra7 114. Bb3 Kf6 115. Bc4 Bc5 116. Rb3 Re7 117. Rb7 Re8 118. Rc7 Bd4 119. Rc6 Be3 120. Kf3 Bd4 121. Ba2 Bg1 122. Kg3 Bd4 123. Rc7 Be3 124. Kf3 Bd4 125. Rh7 Kg6 126. Rc7 Kf6 127. Bc4 Rf8 128. Kg3 Re8 129. Rc6 Be3 130. Kf3 Bd4 131. Ke2 Ba7 132. Kd3 Bd4 133. Kc2 Re7 134. Kb3 Re8 135. Ka4 Be3 136. Ka5 Re7 137. Kb5 Bd4 138. Rd6 Re8 139. Bd5 Rb8+ 140. Ka4 Re8 141. g5+ Kxg5 142. Bxe6 Kf4 143. Bd5 Rh8 144. Rd7 Rh1 145. Bb7 Rb1 146. Rh7 Ke3 147. Rh3+ Kf4 148. Rd3 Ra1+ 149. Kb3 Bf2 150. Kc4 Ra5 151. Rb3 Bd4 152. Rb5 Ra3 153. Kd5 Ra1 154. Kd6 Ra3 155. Kc7 Ke3 156. Kd6 Kf4 157. Ke6 Ra1 158. Rd5 Ra3 159. Rd6 Ra5 160. Bd5 Ra1 161. Kd7 Rb1 162. Kc7 Ba7 163. Rc6 Bd4 164. Kc8 Ba7 165. Rc7 Bd4 166. a7 Bxa7 167. Rxa7 Ke3 168. Kd7 Rb6 169. Rc7 Rh6 170. Rc6 Rh7+ 171. Kd6 Kf4 172. Rc1 Rh6+ 173. Kc5 Rh8 174. Rf1+ Ke3 175. Kd6 Re8 176. Bf7 1-0

[Event "Aeroflot Open"]
[Site "Moscow RUS"]
[Date "2018.02.20"]
[EventDate "2018.02.20"]
[Round "1.7"]
[Result "1/2-1/2"]
[White "Alireza Firouzja"]
[Black "Ernesto Inarkiev"]
[WhiteElo "2549"]
[BlackElo "2684"]
[PlyCount "126"]

1. e4 e5 2. Nf3 Nc6 3. Bb5 a6 4. Ba4 Nf6 5. O-O Be7 6. Re1 b5
7. Bb3 d6 8. c3 O-O 9. h3 Bb7 10. d3 Na5 11. Bc2 c5 12. Nbd2
Re8 13. Nf1 Qc7 14. Ne3 c4 15. d4 Nxe4 16. Nf5 Nf6 17. Bg5 Bd8
18. dxe5 dxe5 19. Nd6 Re6 20. Nxb7 Nxb7 21. a4 Rb8 22. axb5
axb5 23. Bh4 Nd7 24. Bg3 Nbc5 25. Bf5 Re8 26. Qd5 Bf6 27. Nd4
Qb7 28. Nc6 Rbc8 29. Nb4 Rc7 30. Ra5 Bd8 31. Ra8 Qxd5 32. Nxd5
Rb7 33. Ne7+ Kf8 34. Nc6 Bf6 35. Rea1 Na4 36. Ra7 Rxa7
37. Nxa7 Ndc5 38. Nxb5 g6 39. Bc2 Nxb2 40. Ra2 Ncd3 41. Bxd3
Nxd3 42. Nd6 Re6 43. Nxc4 Rc6 44. Ra4 Kg7 45. Kf1 g5 46. Ke2
Nc5 47. Rb4 Na6 48. Ra4 Nc5 49. Rb4 Nd7 50. Kd3 e4+ 51. Kxe4
Bxc3 52. Rb7 Rxc4+ 53. Kd3 Rd4+ 54. Kxc3 Rd5 55. Rb4 Nf6
56. Rd4 Ra5 57. Kd3 Kg6 58. Bd6 h5 59. g4 h4 60. Bb4 Rb5
61. Kc4 Rb6 62. f3 Ne8 63. f4 gxf4 1/2-1/2

[Event "Aeroflot Open"]
[Site "Moscow RUS"]
[Date "2018.02.21"]
[EventDate "2018.02.20"]
[Round "2.18"]
[Result "1/2-1/2"]
[White "Krishnan Sasikiran"]
[Black "Alireza Firouzja"]
[WhiteElo "2671"]
[BlackElo "2549"]
[PlyCount "46"]

1. e4 c5 2. Nf3 d6 3. d4 cxd4 4. Nxd4 Nf6 5. Nc3 Nc6 6. Bg5 e6
7. Qd2 a6 8. O-O-O Bd7 9. f3 Nxd4 10. Qxd4 Be7 11. h4 Qc7
12. Kb1 b5 13. Bxf6 gxf6 14. Qd2 b4 15. Ne2 Qc5 16. Nf4 a5
17. g4 h6 18. Rh2 Rb8 19. Nh5 Bc6 20. Qf2 Bd8 21. Qg3 Be7
22. Qf2 Bd8 23. Qg3 Be7 1/2-1/2

[Event "Aeroflot Open"]
[Site "Moscow RUS"]
[Date "2018.02.22"]
[EventDate "2018.02.20"]
[Round "3.15"]
[Result "1/2-1/2"]
[White "Alireza Firouzja"]
[Black "Dmitry Andreikin"]
[WhiteElo "2549"]
[BlackElo "2712"]
[PlyCount "58"]

1. e4 e6 2. d4 d5 3. Nc3 Bb4 4. e5 c5 5. a3 Ba5 6. b4 cxd4
7. Qg4 Kf8 8. bxa5 dxc3 9. a4 Ne7 10. Nf3 h6 11. Bd3 Kg8
12. Ba3 Nbc6 13. a6 bxa6 14. O-O Nf5 15. Rab1 Bd7 16. Bxa6 Kh7
17. Bd3 Re8 18. Rb3 d4 19. Qe4 g6 20. g4 Na5 21. Rb5 Bxb5
22. axb5 Ne7 23. Nxd4 Rc8 24. Qf4 Kg8 25. Nf3 Kg7 26. Qf6+ Kg8
27. Qf4 Kg7 28. Qf6+ Kg8 29. Qf4 Kg7 1/2-1/2

[Event "Aeroflot Open"]
[Site "Moscow RUS"]
[Date "2018.02.23"]
[EventDate "2018.02.20"]
[Round "4.18"]
[Result "1-0"]
[White "Gata Kamsky"]
[Black "Alireza Firouzja"]
[WhiteElo "2677"]
[BlackElo "2549"]
[PlyCount "87"]

1. d4 Nf6 2. Nf3 g6 3. Bf4 Bg7 4. c3 O-O 5. e3 d6 6. h3 Nc6
7. Bh2 Nd7 8. b4 a6 9. Be2 e5 10. a4 Qe7 11. O-O Kh8 12. Na3
a5 13. b5 Nd8 14. Nc4 b6 15. e4 Bb7 16. Re1 Bxe4 17. dxe5 dxe5
18. Bd3 Bxf3 19. Qxf3 Rb8 20. Qe3 Re8 21. Rad1 f5 22. Qd2 Nf7
23. Bxf5 Nc5 24. Bc2 Rbd8 25. Qe3 Rxd1 26. Rxd1 e4 27. Bf4 Bf6
28. Qg3 Ne6 29. Re1 Bh4 30. Qe3 Bg5 31. Bxg5 Qxg5 32. Qxg5
Nfxg5 33. h4 Nf7 34. Rxe4 Ng7 35. Rd4 Re7 36. Kf1 Ne8 37. Ne3
Kg7 38. Bb3 Nfd6 39. Nd5 Rd7 40. Nf4 Re7 41. g4 Nb7 42. Ne6+
Kf6 43. g5+ Kf5 44. Nf8 1-0

[Event "Aeroflot Open"]
[Site "Moscow RUS"]
[Date "2018.02.24"]
[EventDate "2018.02.20"]
[Round "5.37"]
[Result "1-0"]
[White "Alireza Firouzja"]
[Black "Das Debashis"]
[WhiteElo "2549"]
[BlackElo "2501"]
[PlyCount "63"]

1. e4 c5 2. Nf3 d6 3. d4 cxd4 4. Nxd4 Nf6 5. Nc3 a6 6. Bg5 e6
7. f4 h6 8. Bh4 Qb6 9. a3 Nc6 10. Bf2 Qc7 11. Bd3 Be7 12. Nb3
b5 13. Qe2 Rb8 14. O-O b4 15. axb4 Nxb4 16. Nd4 O-O 17. Kh1
Nxd3 18. cxd3 Qb7 19. Rab1 Bd7 20. g4 Rfc8 21. Rg1 Bd8 22. Be3
Ba5 23. g5 hxg5 24. fxg5 Nh7 25. g6 fxg6 26. Rxg6 Be8
27. Rxg7+ Qxg7 28. Rg1 Bxc3 29. Rxg7+ Kxg7 30. bxc3 Nf8
31. Qg4+ Kf7 32. Bh6 1-0

[Event "Aeroflot Open"]
[Site "Moscow RUS"]
[Date "2018.02.25"]
[EventDate "2018.02.20"]
[Round "6.20"]
[Result "1/2-1/2"]
[White "Matthias Bluebaum"]
[Black "Alireza Firouzja"]
[WhiteElo "2635"]
[BlackElo "2549"]
[PlyCount "89"]

1. d4 Nf6 2. c4 g6 3. Nc3 Bg7 4. e4 d6 5. h3 O-O 6. Be3 Nbd7
7. g4 c5 8. Nge2 Qa5 9. Qd2 b5 10. cxb5 a6 11. Bg2 axb5 12. e5
cxd4 13. Nxd4 Nxe5 14. Ncxb5 Bd7 15. a4 Qd8 16. g5 Nh5 17. Qe2
d5 18. b3 e6 19. Rc1 f5 20. Nc7 f4 21. Ndxe6 Bxe6 22. Nxe6 Qd6
23. Nxf8 fxe3 24. fxe3 Rxf8 25. Qb5 Kh8 26. Rf1 Rb8 27. Qxd5
Qe7 28. Qb7 Qe8 29. Qa6 Qd8 30. Bd5 h6 31. gxh6 Qxd5 32. hxg7+
Kh7 33. g8=Q+ Kxg8 34. Rc8+ Rxc8 35. Qxc8+ Kh7 36. Rf8 Kg7
37. Rd8 Qxb3 38. Qc7+ Nf7 39. Qa7 Qb4+ 40. Rd2 Qb1+ 41. Rd1
Qf5 42. Rd7 Qb1+ 43. Rd1 Qb4+ 44. Rd2 Qb1+ 45. Rd1 1/2-1/2

[Event "Aeroflot Open"]
[Site "Moscow RUS"]
[Date "2018.02.26"]
[EventDate "2018.02.20"]
[Round "7.18"]
[Result "1/2-1/2"]
[White "Vidit Santosh Gujrathi"]
[Black "Alireza Firouzja"]
[WhiteElo "2723"]
[BlackElo "2549"]
[PlyCount "166"]

1. d4 e6 2. c4 b6 3. e4 Bb7 4. Bd3 Nc6 5. Ne2 g6 6. Nbc3 Bg7
7. d5 Ne5 8. f4 Nxd3+ 9. Qxd3 d6 10. Be3 Nf6 11. O-O-O O-O
12. h3 exd5 13. cxd5 c6 14. dxc6 Bxc6 15. Nd4 Bb7 16. Ndb5 Qe7
17. Qxd6 Qxd6 18. Nxd6 Bxe4 19. Ndxe4 Nxe4 20. Nd5 f5 21. Rd3
Rfc8+ 22. Kb1 Kf7 23. Rhd1 Ke6 24. Bxb6 axb6 25. Nxb6 Rab8
26. Nxc8 Rxc8 27. Rc1 Rb8 28. Rc6+ Ke7 29. Rc7+ Kf8 30. b3 h5
31. Kc2 Bh6 32. a4 Bxf4 33. Rc6 Ke7 34. a5 Bd6 35. a6 Ra8
36. Rb6 g5 37. Rd5 Ke6 38. Ra5 g4 39. hxg4 hxg4 40. a7 Kd7
41. Kd3 Bc7 42. Rd5+ Kc8 43. Rg6 Ng3 44. Rg8+ Kb7 45. Rxa8
Kxa8 46. Rd7 Bb6 47. Rf7 Bxa7 48. b4 Bb8 49. b5 f4 50. b6 f3
51. gxf3 gxf3 52. Rxf3 Kb7 53. Rf6 Nh5 54. Rh6 Ng3 55. Kc4 Nf5
56. Re6 Nd6+ 57. Kc5 Nc8 58. Rh6 Nxb6 59. Rxb6+ Ka8 60. Kc6
Ba7 61. Rb4 Bb8 62. Kb6 Ba7+ 63. Ka6 Bb8 64. Ra4 Ba7 65. Ra1
Bd4 66. Ra4 Ba7 67. Ra2 Bd4 68. Kb5+ Ba7 69. Kc6 Kb8 70. Rb2+
Ka8 71. Kc7 Be3 72. Re2 Bf4+ 73. Kb6 Bg3 74. Ra2+ Kb8 75. Rg2
Bc7+ 76. Kc6 Bf4 77. Rg8+ Ka7 78. Rg4 Be5 79. Rb4 Bg3 80. Rb7+
Ka8 81. Rg7 Bb8 82. Rg8 Ka7 83. Rxb8 Kxb8 1/2-1/2

[Event "Aeroflot Open"]
[Site "Moscow RUS"]
[Date "2018.02.27"]
[EventDate "2018.02.20"]
[Round "8.23"]
[Result "0-1"]
[White "Alireza Firouzja"]
[Black "Vadim Zvjaginsev"]
[WhiteElo "2549"]
[BlackElo "2629"]
[PlyCount "98"]

1. e4 e6 2. d4 d5 3. Nc3 Nf6 4. e5 Nfd7 5. f4 c5 6. Nf3 Nc6
7. Be3 Rb8 8. Qd2 Qa5 9. dxc5 Bxc5 10. Bxc5 Nxc5 11. Bd3 Bd7
12. a3 b5 13. Ne2 b4 14. O-O bxa3 15. Qxa5 Nxa5 16. Rxa3 Nc6
17. b3 Ke7 18. Kf2 a6 19. Ned4 Nb4 20. Ke3 Rhc8 21. Rd1 Ne4
22. Ng1 Nc3 23. Rc1 Bb5 24. Ngf3 Nca2 25. Ra1 Bxd3 26. cxd3
Nc1 27. Rxa6 Nxa6 28. Rxa6 Kf8 29. f5 exf5 30. Ra7 f4+
31. Kxf4 Nxd3+ 32. Kf5 Nc5 33. Ng5 g6+ 34. Kf6 Rb7 35. Rxb7
Nxb7 36. Nxf7 Nc5 37. Nd6 Rb8 38. e6 Ne4+ 39. Ke5 Ra8 40. Kxd5
Nf6+ 41. Ke5 Ng4+ 42. Kf4 Ke7 43. N6b5 Nxh2 44. Nc6+ Kxe6
45. Nc7+ Kd6 46. Nxa8 Kxc6 47. Kg5 Kb7 48. Kh6 Kxa8 49. Kxh7
g5 0-1

[Event "Aeroflot Open"]
[Site "Moscow RUS"]
[Date "2018.02.28"]
[EventDate "2018.02.20"]
[Round "9.33"]
[Result "0-1"]
[White "Arman Mikaelyan"]
[Black "Alireza Firouzja"]
[WhiteElo "2486"]
[BlackElo "2549"]
[PlyCount "80"]

1. d4 Nf6 2. c4 g6 3. Nc3 Bg7 4. e4 d6 5. Be2 O-O 6. Bg5 Na6
7. Qd2 c6 8. Bf3 e5 9. Nge2 Nc7 10. O-O Ne6 11. Be3 c5
12. dxc5 dxc5 13. Qxd8 Rxd8 14. Nd5 Bd7 15. Nec3 h5 16. a3 Kf8
17. b4 Rac8 18. Nxf6 Bxf6 19. Nd5 Bg5 20. Be2 Bxe3 21. fxe3
Ng5 22. Bd3 h4 23. h3 Be6 24. b5 Kg7 25. a4 Bxd5 26. exd5 e4
27. Be2 f5 28. Rf4 Rh8 29. Raf1 Nf7 30. g4 hxg3 31. Kg2 Nd6
32. Kxg3 Kf6 33. h4 Rcg8 34. Rg4 Ke5 35. Rgf4 g5 36. hxg5
Rxg5+ 37. Kf2 Rh2+ 38. Ke1 Rg3 39. R1f2 Rhh3 40. Kd2 Rxe3 0-1

[Event "ch-IRI 2018"]
[Site "Bushehr IRI"]
[Date "2018.03.14"]
[EventDate "?"]
[Round "7.1"]
[Result "0-1"]
[White "Alireza Firouzja"]
[Black "M Amin Tabatabaei"]
[WhiteElo "2558"]
[BlackElo "2592"]
[PlyCount "80"]

1. e4 c6 2. d4 d5 3. Nd2 dxe4 4. Nxe4 Bf5 5. Ng3 Bg6 6. h4 h6 7. Nf3 Nd7 8. h5 Bh7 9. Bd3 Bxd3 10. Qxd3 e6 11. Bd2 Ngf6 12. O-O-O Qb6 13. Kb1 c5 14. Bc3 Rc8 15. dxc5 Nxc5 16. Qc4 Be7 17. Ne5 O-O 18. Bd4 Qc7 19. f4 Rfd8 20. Rhf1 Rd5 21. Qe2 Rcd8 22. c3 b5 23. Qxb5 Rb8 24. Qc4 Qb7 25. Rf2 Rc8 26. Rc2 a5 27. Qe2 a4 28. Rcd2 Rdd8 29. Bxc5 Rxd2 30. Rxd2 Bxc5 31. c4 Bb4 32. Rd3 Qb6 33. Qd1 a3 34. b3 Qf2 35. Ne2 Qxg2 36. Rg3 Qh2 37. Qd3 Qh1+ 38. Nc1 Ne4 39. Rh3 Qg2 40. Ne2 Nc3+ 0-1

[Event "Sharjah Masters"]
[Site "Sharjah UAE"]
[Date "2018.04.12"]
[EventDate "2018.04.12"]
[Round "1.24"]
[Result "0-1"]
[White "K Krithigga"]
[Black "Alireza Firouzja"]
[WhiteElo "2003"]
[BlackElo "2572"]
[PlyCount "50"]

1. c4 e5 2. g3 Nc6 3. Bg2 Bc5 4. Nc3 a6 5. e3 d6 6. Nge2 Ba7
7. O-O h5 8. d4 h4 9. a3 hxg3 10. fxg3 Nge7 11. Qd3 Bg4 12. d5
Nb8 13. Ne4 Nd7 14. b4 Bf5 15. Qc3 Bxe4 16. Bxe4 Nf6 17. Bg2
Qd7 18. Bd2 Qg4 19. Nc1 Nf5 20. Qd3 e4 21. Bxe4 Nxe4 22. Rf4
Qd1+ 23. Rf1 Qxd2 24. Qxe4+ Ne7 25. Ra2 Bxe3+ 0-1